Confesión y psicoanálisis / (Record no. 145008)

MARC details
000 -LEADER
campo de control de longitud fija 00947nam a2200253 4500
001 - NÚMERO DE CONTROL
campo de control 145008
003 - IDENTIFICADOR DE NÚMERO DE CONTROL
campo de control ES-MaACL
005 - FECHA Y HORA DE LA ÚLTIMA TRANSACCIÓN
campo de control 20230906201138.0
007 - CAMPO FIJO DE DESCRIPCIÓN FÍSICA--INFORMACIÓN GENERAL
campo de control de longitud fija t|
008 - DATOS DE LONGITUD FIJA--INFORMACIÓN GENERAL
campo de control de longitud fija 070214s1959 sp r ||||1| spa d
100 1# - ENTRADA PRINCIPAL--NOMBRE DE PERSONA
Nombre de persona Snoeck, Andreas.
9 (RLIN) 106966
245 10 - MENCIÓN DEL TÍTULO
Título Confesión y psicoanálisis /
Mención de responsabilidad, etc. Andreas Snoeck ; con un estudio adicional de J. M. Hollenbach, S. J., sobre la culpa y neurosis ; traducción del neerlandés por Const. Ruiz-Garrido.
260 ## - PUBLICACIÓN, DISTRIBUCIÓN, ETC.
Lugar de publicación, distribución, etc. Madrid :
Nombre del editor, distribuidor, etc. Fax,
Fecha de publicación, distribución, etc. 1959 (
Fabricante Bolaños y Aguilar)
300 ## - DESCRIPCIÓN FÍSICA
Extensión 206 p. ;
Dimensiones 20 cm.
490 1# - MENCIÓN DE SERIE
Mención de serie Psicología, Medicina, Pastoral ;
Designación de volumen o secuencia 19
500 ## - NOTA GENERAL
Nota general Traducción de: Biecht en Psychoanalyse.
700 1# - ENTRADA AGREGADA--NOMBRE PERSONAL
Nombre de persona Hollenbach, J. M.
9 (RLIN) 64032
700 1# - ENTRADA AGREGADA--NOMBRE PERSONAL
Nombre de persona Ruiz-Garrido, Constantino.
9 (RLIN) 100816
740 0# - ENTRADA AGREGADA--TÍTULO RELACIONADO/ANALÍTICO NO CONTROLADO
Título relacionado o analítico no controlado Biecht en Psychoanalyse.
740 0# - ENTRADA AGREGADA--TÍTULO RELACIONADO/ANALÍTICO NO CONTROLADO
Título relacionado o analítico no controlado Culpa y neurosis.
830 0# - PUNTO DE ACCESO ADICIONAL DE SERIE-TÍTULO UNIFORME
Título uniforme Psicología, Medicina, Pastoral ;
Designación de volumen o secuencia 19
9 (RLIN) 180800
852 ## - LOCALIZACIÓN
Ubicación ES-MaACL
Número de control de estantería C-17255
Sublocalización o colección R.45089
Holdings
Estatus retirado Estado de pérdida Estado de daño No para préstamo Biblioteca de origen Biblioteca actual Ubicación en estantería Fecha de adquisición Fuente de adquisición Total de préstamos Signatura topográfica completa Código de barras Visto por última vez Precio de reemplazo Tipo de ítem Koha
        Biblioteca del Ateneo de Madrid Biblioteca del Ateneo de Madrid Galería 17/01/2008     C-17255 1151350 23/02/2023 23/02/2023 Libro impreso